Najczęściej zgadywane miasta w Polsce wg województwa - Statystyki

Ogólne statystyki
  • Ten quiz został rozwiązany 4 011 razy
  • Średni wynik to 34 z 48
Statystyki odpowiedzi
Województwo % Poprawnych Miasto % Poprawnych
Dolnośląskie 71% Wrocław
97%
Łódzkie 66% Łódź
96%
Mazowieckie 83% Warszawa
96%
Pomorskie 77% Gdańsk
95%
Pomorskie 74% Gdynia
95%
Małopolskie 75% Kraków
95%
Lubelskie 66% Lublin
95%
Śląskie 67% Katowice
94%
Opolskie 58% Opole
94%
Wielkopolskie 70% Poznań
94%
Podlaskie 64% Białystok
92%
Zachodniopomorskie 69% Szczecin
92%
Kujawsko-pomorskie 62% Toruń
92%
Kujawsko-pomorskie 61% Bydgoszcz
91%
Pomorskie 64% Sopot
91%
Świętokrzyskie 55% Kielce
90%
Podkarpackie 57% Rzeszów
90%
Lubuskie 56% Zielona Góra
88%
Warmińsko-mazurskie 59% Olsztyn
85%
Lubuskie 49% Gorzów Wielkopolski
82%
Mazowieckie 52% Radom
82%
Małopolskie 61% Zakopane
76%
Śląskie 53% Częstochowa
74%
Podlaskie 46% Suwałki
72%
Śląskie 45% Gliwice
70%
Warmińsko-mazurskie 46% Elbląg
66%
Mazowieckie 41% Płock
66%
Małopolskie 45% Tarnów
63%
Zachodniopomorskie 47% Koszalin
62%
Dolnośląskie 44% Lubin
62%
Lubelskie 36% Zamość
62%
Warmińsko-mazurskie 40% Ełk
61%
Wielkopolskie 53% Koło
61%
Łódzkie 34% Piotrków Trybunalski
60%
Podkarpackie 37% Przemyśl
60%
Zachodniopomorskie 47% Świnoujście
60%
Dolnośląskie 40% Jelenia Góra
59%
Wielkopolskie 38% Kalisz
57%
Kujawsko-pomorskie 37% Włocławek
57%
Lubelskie 38% Chełm
52%
Podlaskie 32% Łomża
49%
Świętokrzyskie 33% Sandomierz
49%
Podkarpackie 33% Krosno
48%
Łódzkie 29% Bełchatów
43%
Opolskie 36% Brzeg
41%
Świętokrzyskie 21% Ostrowiec Świętokrzyski
39%
Opolskie 37% Biała
25%
Lubuskie 20% Żary
25%
Nie znaleziono quizów pasujących do podanych kryteriów
Rozkład punktacji
Procent ludzi z każdym wynikiem
Percentyl według liczby udzielonych odpowiedzi
Twoja historia wyników
Nie rozwiązałeś tego quizu